000 00498nam a2200181Ia 4500
001 7654
005 20260306160511.0
008 260306t2013||||xx |||||||||||||| ||spa||
041 _aESP
082 _a353.40985
_bM49
100 _aMeza Bazán, Mario Miguel
_eAUT
245 0 _aJusticia y poder en tiempos de violencia:
_borden, seguridad y autoridad en el Perú, 1970-2000
260 _c2013
300 _a203 páginas :
_c21 cm.
650 _aGEN
654 _aCAN
942 _cLIB
_dJUS
_fJUS
_2ddc
_n
999 _c7654
_d7654